[Event "19eme Open de La Réunion"]
[Site "Salle des fêtes de Bellepierre"]
[Date "2017.10.19"]
[Round "4.15"]
[White "Pun Chung, Leo"]
[Black "Juillien, Thibault"]
[Result "1-0"]
[WhiteElo "1443"]
[BlackElo "1099"]
[PlyCount "79"]
[EventDate "2017.??.??"]

1. e4 c5 2. Nf3 d6 3. d4 cxd4 4. Nxd4 Nf6 5. Nc3 g6 6. f3 Bg7 7. Be3 d5 8. e5
Ng8 9. f4 f6 10. e6 f5 11. Bb5+ Kf8 12. Qf3 Nf6 13. O-O-O a6 14. Ba4 Bh6 15.
Bb3 Nc6 16. Bxd5 Nxd5 17. Nxd5 Nxd4 18. Rxd4 Bxe6 19. Rhd1 Kg7 20. Rb4 Bxd5 21.
Rxd5 Qc8 22. Bd4+ Kg8 23. Bxh8 Kxh8 24. Qd3 Bxf4+ 25. Kb1 Bxh2 26. Rd7 Bd6 27.
Rbxb7 Qc6 28. Qe3 Re8 29. a3 Kg7 30. Qe6 Kh6 31. Rb3 Qxg2 32. Rxd6 exd6 33.
Qxe8 Kg5 34. Qe7+ Kh6 35. Qh4+ Kg7 36. Rc3 h5 37. Rc7+ Kh6 38. Qf4+ Qg5 39.
Rh7+ Kxh7 40. Qxg5 1-0

[Event "19eme Open de La Réunion"]
[Site "Salle des fêtes de Bellepierre"]
[Date "2017.10.19"]
[Round "4.16"]
[White "Vincent, Theo"]
[Black "Fautrel, Pierrick"]
[Result "1/2-1/2"]
[WhiteElo "1120"]
[BlackElo "1260"]
[PlyCount "106"]
[EventDate "2017.??.??"]

1. e4 e5 2. Nf3 Nc6 3. Bc4 Nf6 4. d3 Bc5 5. c3 d5 6. exd5 Nxd5 7. d4 Nb6 8. O-O
Nxc4 9. dxc5 O-O 10. Qxd8 Rxd8 11. b3 N4a5 12. Na3 Ne7 13. Nxe5 Nac6 14. Nxc6
Nxc6 15. Bf4 Rd5 16. Rfe1 Bf5 17. Bxc7 Bg4 18. f3 Bd7 19. Rad1 Rxd1 20. Rxd1
Bf5 21. b4 a6 22. Rd2 b5 23. c4 h6 24. cxb5 axb5 25. Nxb5 Nxb4 26. Rd8+ Rxd8
27. Bxd8 Nxa2 28. Kf2 Kf8 29. Bb6 Ke7 30. Ke3 Kd7 31. Kd4 Kc6 32. Na7+ Kb7 33.
Kd5 Nb4+ 34. Kd6 g5 35. Nb5 h5 36. Ke5 Bd7 37. Kf6 Bxb5 38. Kxg5 Bf1 39. g4
hxg4 40. fxg4 Bc4 41. h4 Nd5 42. Bd8 Kc8 43. Ba5 Kd7 44. h5 Ke8 45. Kh6 Kf8 46.
c6 Kg8 47. c7 Ba6 48. g5 Bc8 49. g6 Bf5 50. Kg5 fxg6 51. hxg6 Bc8 52. Kh6 Bf5
53. Kg5 Bc8 1/2-1/2

[Event "19eme Open de La Réunion"]
[Site "Salle des fêtes de Bellepierre"]
[Date "2017.10.19"]
[Round "4.17"]
[White "Hauet, Noah"]
[Black "Fautrel, Sebastien"]
[Result "0-1"]
[WhiteElo "1199"]
[BlackElo "1070"]
[PlyCount "80"]
[EventDate "2017.??.??"]

1. g3 e5 2. Bg2 d5 3. Nf3 Nf6 4. O-O Bd6 5. d3 Be6 6. Bg5 Nbd7 7. Bxf6 Nxf6 8.
c4 d4 9. Qe1 O-O 10. b4 c5 11. bxc5 Bxc5 12. a3 Qd7 13. Qd1 Rfe8 14. a4 Bh3 15.
e3 dxe3 16. fxe3 Bxe3+ 17. Rf2 Bxf2+ 18. Kxf2 Bxg2 19. Kxg2 e4 20. Nfd2 Ng4 21.
dxe4 Ne3+ 22. Kf2 Nxd1+ 23. Ke2 Nc3+ 24. Nxc3 Rad8 25. Rd1 Qd3+ 26. Ke1 Qxc3
27. a5 Qxa5 28. h3 Rd7 29. h4 Red8 30. Kf1 Rxd2 31. Rxd2 Rxd2 32. g4 Qa2 33.
Kg1 Rh2 34. e5 a6 35. c5 f6 36. exf6 gxf6 37. c6 bxc6 38. Kf1 Kg7 39. h5 Rh3
40. Ke1 Rh1# 0-1

[Event "19eme Open de La Réunion"]
[Site "Salle des fêtes de Bellepierre"]
[Date "2017.10.19"]
[Round "4.18"]
[White "Carballar, Alexandre"]
[Black "Bosi-Lagarde, Arthur"]
[Result "1-0"]
[WhiteElo "1138"]
[BlackElo "1160"]
[PlyCount "39"]
[EventDate "2017.??.??"]

1. e4 e5 2. Nf3 Nc6 3. d4 f6 4. dxe5 fxe5 5. Nxe5 Nxe5 6. Qh5+ Ng6 7. Bc4 Nf6
8. Qf3 Nh4 9. Qg3 Nxe4 10. Qe5+ Be7 11. Qxe4 c6 12. Qg4 Bf6 13. O-O d5 14. Qe2+
Be6 15. Qxe6+ Be7 16. Bd3 Ng6 17. Bxg6+ hxg6 18. Re1 Qc7 19. g3 g5 20. Bxg5 1-0

[Event "19eme Open de La Réunion"]
[Site "Salle des fêtes de Bellepierre"]
[Date "2017.10.19"]
[Round "4.19"]
[White "Mohamed, Keziah"]
[Black "Celestin, Dimitri"]
[Result "0-1"]
[WhiteElo "1060"]
[BlackElo "1148"]
[PlyCount "58"]
[EventDate "2017.??.??"]

1. e4 e5 2. Nf3 Nc6 3. Bc4 Bc5 4. b4 Bxb4 5. c3 Be7 6. d4 f6 7. O-O Bd6 8. Re1
b6 9. Ba3 Bxa3 10. Nxa3 Bb7 11. Nc2 Nge7 12. h3 Na5 13. Bd5 Nxd5 14. exd5 Bxd5
15. dxe5 Be6 16. exf6 Qxf6 17. Nfd4 O-O 18. Nxe6 dxe6 19. Qd2 Nc4 20. Qd3 Qxf2+
21. Kh1 Nb2 22. Qe4 Rae8 23. Rf1 Qg3 24. Rxf8+ Rxf8 25. Qxe6+ Kh8 26. Ne3 Nd3
27. Nf5 Nf2+ 28. Kg1 Nxh3+ 29. Kf1 Qf2# 0-1

[Event "19eme Open de La Réunion"]
[Site "Salle des fêtes de Bellepierre"]
[Date "2017.10.19"]
[Round "4.20"]
[White "Sandjivy, Yann"]
[Black "Alex-Geerjanan, Nils"]
[Result "0-1"]
[WhiteElo "1010"]
[BlackElo "1140"]
[PlyCount "50"]
[EventDate "2017.??.??"]

1. e4 e5 2. Bc4 Nf6 3. Nf3 Nxe4 4. O-O Nc6 5. d3 Nf6 6. Ng5 d5 7. Bb3 Bc5 8.
Nc3 O-O 9. Qf3 Nd4 10. Qd1 Ng4 11. Nxd5 Be6 12. Bc4 Nf6 13. Be3 Nxd5 14. Bxd5
Bxd5 15. Qh5 h6 16. Nh3 Nxc2 17. Rac1 Nxe3 18. Rxc5 Nxf1 19. d4 Nd2 20. Rc3
exd4 21. Rg3 Re8 22. f3 Qe7 23. Rxg7+ Kxg7 24. g3 Qe1+ 25. Kg2 Qf1# 0-1

[Event "19eme Open de La Réunion"]
[Site "Salle des fêtes de Bellepierre"]
[Date "2017.10.19"]
[Round "4.21"]
[White "Padre, Bryan"]
[Black "Alfonsi, Romain"]
[Result "0-1"]
[WhiteElo "1150"]
[BlackElo "1250"]
[PlyCount "48"]
[EventDate "2017.??.??"]

1. e4 e5 2. Nf3 Nc6 3. d4 exd4 4. Nxd4 Bc5 5. Be3 Bxd4 6. Bxd4 Nf6 7. e5 Nd5 8.
Bc4 Nb6 9. b3 Nxc4 10. bxc4 O-O 11. O-O d5 12. cxd5 Qxd5 13. Bc3 Rd8 14. Qd2
Qe4 15. Qc1 Nxe5 16. Re1 Nf3+ 17. gxf3 Qxf3 18. Re3 Rd1+ 19. Be1 Qg4+ 20. Kh1
Be6 21. Rg3 Rxc1 22. Rxg4 Rxe1+ 23. Rg1 Bd5+ 24. f3 Bxf3# 0-1

[Event "19eme Open de La Réunion"]
[Site "Salle des fêtes de Bellepierre"]
[Date "2017.10.19"]
[Round "4.22"]
[White "Carballar, Eric"]
[Black "Sandjivy, Jean Marc"]
[Result "0-1"]
[WhiteElo "1291"]
[BlackElo "1203"]
[PlyCount "60"]
[EventDate "2017.??.??"]

1. e4 c5 2. Bc4 d6 3. Nf3 Nc6 4. c3 Nf6 5. Qb3 e6 6. d3 a6 7. d4 Na5 8. Bb5+
axb5 9. Qxb5+ Bd7 10. Qd3 Bc6 11. d5 exd5 12. exd5 Bxd5 13. O-O Be7 14. Bg5 Bc4
15. Qe3 Bxf1 16. Bxf6 gxf6 17. Kxf1 Nc4 18. Qd3 d5 19. b3 Ne5 20. Qb5+ Nd7 21.
Qxb7 c4 22. b4 Ne5 23. Nd4 Kf8 24. f4 Nd3 25. Nc6 Qe8 26. Nxe7 Qxe7 27. Qxa8+
Kg7 28. Qxh8+ Kxh8 29. Nd2 Qe3 30. Re1 Qxe1# 0-1

[Event "19eme Open de La Réunion"]
[Site "Salle des fêtes de Bellepierre"]
[Date "2017.10.19"]
[Round "5.1"]
[White "Mezouaghi, Miloud"]
[Black "Testud, Philippe"]
[Result "0-1"]
[WhiteElo "2102"]
[BlackElo "2167"]
[PlyCount "58"]
[EventDate "2017.??.??"]

1. e4 c6 2. Nc3 d5 3. Nf3 Nf6 4. e5 Ne4 5. d4 Nxc3 6. bxc3 c5 7. Bd3 c4 8. Be2
e6 9. Ng5 Be7 10. f4 h6 11. Nf3 Qa5 12. Bd2 Nc6 13. a4 Bd7 14. Qb1 Kd8 15. Qb2
Kc7 16. O-O a6 17. Rfb1 Rhb8 18. Qc1 Na7 19. Qf1 Nc8 20. f5 exf5 21. Bxc4 dxc4
22. Qxc4+ Bc6 23. Qxf7 Qd5 24. Qxg7 Qe6 25. Nh4 Nb6 26. Nxf5 Rg8 27. d5 Rxg7
28. dxe6 Rxg2+ 29. Kf1 Rf8 0-1

[Event "19eme Open de La Réunion"]
[Site "Salle des fêtes de Bellepierre"]
[Date "2017.10.19"]
[Round "5.2"]
[White "Lorans, Sylvain"]
[Black "Ringayen, Rose-May"]
[Result "1-0"]
[WhiteElo "2167"]
[BlackElo "1622"]
[PlyCount "69"]
[EventDate "2017.??.??"]

1. d4 d5 2. Bf4 Nf6 3. e3 Bf5 4. c4 e6 5. Nc3 a6 6. Qb3 b6 7. Nf3 Nc6 8. cxd5
Nxd5 9. Nxd5 exd5 10. Rc1 Qd7 11. Qa4 Nb8 12. Qxd7+ Nxd7 13. Rxc7 Bb4+ 14. Kd1
O-O 15. a3 Be7 16. Ne5 Nxe5 17. Bxe5 Rfe8 18. Kd2 Rac8 19. Bxa6 Rxc7 20. Bxc7
Ra8 21. Bd3 Bxd3 22. Kxd3 b5 23. Rc1 b4 24. axb4 Bxb4 25. Bb6 g6 26. Bc5 Rc8
27. Rc2 Ba5 28. b4 Bd8 29. b5 Ba5 30. Ra2 Bd8 31. b6 Rb8 32. b7 Bc7 33. Ra8 Kg7
34. Rxb8 Bxb8 35. e4 1-0

[Event "19eme Open de La Réunion"]
[Site "Salle des fêtes de Bellepierre"]
[Date "2017.10.19"]
[Round "5.3"]
[White "Payet, Jean-Claude"]
[Black "Goorsahye, Antoine"]
[Result "0-1"]
[WhiteElo "1837"]
[BlackElo "1750"]
[PlyCount "96"]
[EventDate "2017.??.??"]

1. e4 e5 2. Bc4 Nf6 3. Nc3 Nc6 4. Nf3 Be7 5. d4 d6 6. Bg5 O-O 7. d5 Na5 8. Bd3
c5 9. dxc6 bxc6 10. O-O Rb8 11. Rb1 h6 12. Be3 Ra8 13. h3 Be6 14. a3 Qc7 15.
Qe2 Nb7 16. Nh2 d5 17. exd5 cxd5 18. Nb5 Qd7 19. c4 d4 20. Bxh6 gxh6 21. Qxe5
Rfd8 22. Nf3 Nc5 23. Qg3+ Kh8 24. Ne5 Qb7 25. Qf4 Nxd3 26. Qxh6+ Nh7 27. Nxd3
Bxc4 28. Ne5 Qxb5 29. Rfe1 Bg5 30. Qh5 Rf8 31. b3 Be6 32. h4 Rg8 33. f4 Qd5 34.
hxg5 Rg7 35. Rbc1 Rag8 36. g4 f6 37. Nd3 fxg5 38. f5 Bf7 39. Qh6 Qf3 40. Ne5
Qg3+ 41. Kf1 Bd5 42. Re2 d3 43. Rh2 Qxe5 44. f6 Qf4+ 45. Kg1 Qxc1+ 46. Kf2 Qf4+
47. Kg1 Rc7 48. f7 Rc1# 0-1

[Event "19eme Open de La Réunion"]
[Site "Salle des fêtes de Bellepierre"]
[Date "2017.10.19"]
[Round "5.4"]
[White "Andriandaza, Tombo Omar"]
[Black "Larmet, Nino"]
[Result "1-0"]
[WhiteElo "1711"]
[BlackElo "1563"]
[PlyCount "83"]
[EventDate "2017.??.??"]

1. d4 d5 2. Nf3 Nf6 3. c4 c6 4. Nc3 e6 5. Qc2 Be7 6. e4 dxe4 7. Nxe4 Nbd7 8.
Bd3 c5 9. O-O cxd4 10. Nxd4 Nc5 11. Nxc5 Bxc5 12. Nb3 Be7 13. Bd2 O-O 14. Bc3
h6 15. Rad1 Qc7 16. Rfe1 Nd7 17. Qe2 Bf6 18. Qe4 g6 19. Bxf6 Nxf6 20. Qh4 Kg7
21. Nd4 Bd7 22. b3 g5 23. Qh3 Qc5 24. Bc2 Rad8 25. Qe3 b6 26. Rd2 Bc8 27. Red1
Rd7 28. Qd3 Rfd8 29. Nxe6+ fxe6 30. Qg6+ Kf8 31. Qxf6+ Kg8 32. Qxe6+ Kf8 33.
Rxd7 Rxd7 34. Rxd7 Bxd7 35. Qxd7 Qa3 36. Qd1 Qxa2 37. Be4 Qa3 38. Bd5 Qe7 39.
Qf3+ Kg7 40. g3 Qe1+ 41. Kg2 Qe7 42. Qc3+ 1-0

[Event "19eme Open de La Réunion"]
[Site "Salle des fêtes de Bellepierre"]
[Date "2017.10.19"]
[Round "5.5"]
[White "Dace, Jean Emeric"]
[Black "Triton, Maxime"]
[Result "0-1"]
[WhiteElo "1649"]
[BlackElo "1705"]
[PlyCount "56"]
[EventDate "2017.??.??"]

1. Nf3 c5 2. g3 Nf6 3. b3 e6 4. c4 Nc6 5. Bb2 Be7 6. Bg2 O-O 7. Na3 a6 8. d4
cxd4 9. Nxd4 Nxd4 10. Qxd4 Qa5+ 11. Bc3 Qxa3 12. O-O Qc5 13. Qd2 d5 14. Bd4 Qd6
15. cxd5 exd5 16. Rac1 Be6 17. f3 Rfd8 18. Qb2 Rac8 19. Rcd1 Qc7 20. Rc1 Qd7
21. Rcd1 Bc5 22. e4 Bxd4+ 23. Rxd4 Qc7 24. exd5 Rxd5 25. Rf4 Qc2 26. Qa1 Rd2
27. Bh1 Bh3 28. Rc4 Rg2+ 0-1

[Event "19eme Open de La Réunion"]
[Site "Salle des fêtes de Bellepierre"]
[Date "2017.10.19"]
[Round "5.6"]
[White "Evrin, Selvam"]
[Black "Mercadal, Theo"]
[Result "1/2-1/2"]
[WhiteElo "1592"]
[BlackElo "1661"]
[PlyCount "96"]
[EventDate "2017.??.??"]

1. e4 e5 2. Nf3 Nc6 3. Bc4 Bc5 4. c3 Nf6 5. d3 O-O 6. a4 a5 7. O-O d6 8. h3 h6
9. Re1 Re8 10. Nbd2 d5 11. exd5 Nxd5 12. Bb5 Bd7 13. Nc4 f6 14. Nh4 Nce7 15.
Bxd7 Qxd7 16. d4 exd4 17. cxd4 Bb4 18. Bd2 b6 19. Qc2 Bxd2 20. Qxd2 Nf5 21.
Nxf5 Qxf5 22. Ne3 Qd7 23. b3 Rad8 24. Red1 Re7 25. Rac1 Rde8 26. Nxd5 Qxd5 27.
Qc3 Kh8 28. Qc4 Qd6 29. d5 Rd7 30. Qc6 Ree7 31. Kf1 Kg8 32. Qb5 Qh2 33. f3 Rd8
34. Kf2 Qe5 35. Rc2 Rde8 36. Qd3 Qf4 37. Rc4 Qd6 38. Rc6 Qb4 39. Qc3 Qxc3 40.
Rxc3 Rd7 41. Rcd3 Rd6 42. Rd4 Kf8 43. R1d3 Kf7 44. Rd2 Re5 45. f4 Re7 46. Rd1
Red7 47. Ke3 Re7+ 48. Kf3 Ke8 1/2-1/2

[Event "19eme Open de La Réunion"]
[Site "Salle des fêtes de Bellepierre"]
[Date "2017.10.19"]
[Round "5.7"]
[White "Etheve, Lionel"]
[Black "Calmels, Nicolas"]
[Result "1/2-1/2"]
[WhiteElo "1576"]
[BlackElo "1863"]
[PlyCount "80"]
[EventDate "2017.??.??"]

1. Nf3 d5 2. b3 c5 3. Bb2 Nc6 4. e3 Nf6 5. Be2 e6 6. O-O Bd6 7. d4 a6 8. c4
cxd4 9. Nxd4 Qc7 10. Nf3 dxc4 11. Bxc4 Bd7 12. Nbd2 Ng4 13. h3 h5 14. Ne4 Bh2+
15. Kh1 Be5 16. Bxe5 Ncxe5 17. Qd6 Qxd6 18. Nxd6+ Ke7 19. Nxe5 Nxe5 20. Nxb7
Nxc4 21. bxc4 Rac8 22. Rfc1 h4 23. Rc3 Rh5 24. c5 Rc7 25. Rb1 Bb5 26. Nd6 Rhxc5
27. Nxb5 axb5 28. Rxc5 Rxc5 29. Rb2 g5 30. e4 Kd6 31. f3 Rc1+ 32. Kh2 Kc5 33.
g4 b4 34. Kg2 Kc4 35. Kf2 Rh1 36. Kg2 Rd1 37. Kf2 Rd3 38. Ke2 Ra3 39. Rc2+ Rc3
40. Kd2 e5 1/2-1/2

[Event "19eme Open de La Réunion"]
[Site "Salle des fêtes de Bellepierre"]
[Date "2017.10.19"]
[Round "5.9"]
[White "Poignart, Francois-Xavier"]
[Black "Desire, Michael"]
[Result "0-1"]
[WhiteElo "1337"]
[BlackElo "1773"]
[PlyCount "101"]
[EventDate "2017.??.??"]

1. d4 Nf6 2. c4 e5 3. dxe5 Ng4 4. Nf3 Nc6 5. Bg5 Be7 6. Bxe7 Qxe7 7. Nc3 Ncxe5
8. e4 Qc5 9. Nd4 O-O 10. h3 Nf6 11. b3 Re8 12. Be2 Nc6 13. Nxc6 Qxc6 14. f3 Qc5
15. Nd5 Nxd5 16. Qxd5 Qe3 17. Qd2 Qc5 18. O-O-O Re6 19. Rhe1 a5 20. Qb2 b5 21.
Rd5 Qb4 22. Red1 bxc4 23. Bxc4 Rc6 24. Kb1 Rb8 25. Rf5 Rxc4 26. Qe5 Rc6 27. Qd5
Qc4 28. Qxc4 Rxc4 29. Rxa5 Rc3 30. Kb2 Rc6 31. a3 d6 32. e5 Be6 33. b4 dxe5 34.
Rxe5 Rd6 35. Rc1 Rd2+ 36. Rc2 Rxc2+ 37. Kxc2 Kf8 38. Rc5 Rb7 39. h4 Ke7 40. Kc3
Kd6 41. Kd4 Ra7 42. Rc3 Ra6 43. f4 g6 44. g3 Rc6 45. Re3 Rc4+ 46. Kd3 Rc1 47.
Kd4 Bf5 48. Re5 Ra1 49. Re3 Rd1+ 50. Kc3 Ra1 51. Kd4 0-1

[Event "19eme Open de La Réunion"]
[Site "Salle des fêtes de Bellepierre"]
[Date "2017.10.19"]
[Round "5.10"]
[White "Rebut, Paul"]
[Black "Bah, Ismael"]
[Result "0-1"]
[WhiteElo "1261"]
[BlackElo "1712"]
[PlyCount "98"]
[EventDate "2017.??.??"]

1. e4 b6 2. d4 Bb7 3. Nc3 e6 4. Nf3 Bb4 5. Bd3 Nf6 6. Bg5 h6 7. Bxf6 Qxf6 8.
O-O Bxc3 9. bxc3 O-O 10. Qe2 d6 11. a4 a5 12. Rab1 Nd7 13. Rb2 Rfd8 14. Rd1 Qf4
15. Qd2 Qxd2 16. Nxd2 Nf6 17. f3 Nh5 18. g3 Nf6 19. Kf2 Nd7 20. Bb5 Nb8 21. h4
f6 22. Ke3 Kf7 23. Rg1 Ke7 24. g4 Rh8 25. Rbb1 Ba6 26. Bxa6 Nxa6 27. g5 hxg5
28. hxg5 Rag8 29. gxf6+ gxf6 30. Rxg8 Rxg8 31. Rh1 Rf8 32. Rh7+ Kd8 33. f4 Nb8
34. c4 Nd7 35. d5 e5 36. f5 Nc5 37. Nb1 Nxa4 38. Na3 Nc5 39. Nb5 Na6 40. Na7 a4
41. Nc6+ Kc8 42. Kf3 Kb7 43. Ne7 a3 44. Rh1 Nc5 45. c3 a2 46. Ra1 Ra8 47. Ng8
Rxg8 48. Rxa2 Rg1 49. Rh2 Re1 0-1

[Event "19eme Open de La Réunion"]
[Site "Salle des fêtes de Bellepierre"]
[Date "2017.10.19"]
[Round "5.11"]
[White "Eric Andriana, Fitia"]
[Black "Duprey, Francois-Xavier"]
[Result "0-1"]
[WhiteElo "1156"]
[BlackElo "1614"]
[PlyCount "84"]
[EventDate "2017.??.??"]

1. e4 d5 2. exd5 Qxd5 3. Nc3 Qa5 4. Nf3 Nf6 5. Bc4 c6 6. O-O Bf5 7. d4 b5 8.
Bd3 Bxd3 9. Qxd3 b4 10. Ne2 e6 11. Bd2 Be7 12. c3 bxc3 13. Bxc3 Qb6 14. b3 O-O
15. Rac1 Nbd7 16. Bb2 Rfd8 17. Qc2 Rac8 18. Rfd1 Nd5 19. Bc3 Ba3 20. Rb1 c5 21.
Qd3 Nxc3 22. Nxc3 cxd4 23. Nxd4 Nf6 24. Na4 Qb8 25. Qe2 Be7 26. Nf3 Nd5 27. Qe4
Nf6 28. Qe1 Nd5 29. Qe4 Qa8 30. Re1 Bf6 31. b4 Qc6 32. Nc5 Qb6 33. Rb3 Be7 34.
Rc1 a5 35. bxa5 Qxa5 36. Nd3 Qxa2 37. Nd4 Bf6 38. Rb5 Nc3 39. Rxc3 Rxc3 40. Rb2
Qxb2 41. Nxe6 Qb1+ 42. Ne1 Qxe4 0-1

[Event "19eme Open de La Réunion"]
[Site "Salle des fêtes de Bellepierre"]
[Date "2017.10.19"]
[Round "5.12"]
[White "Celestin, Dimitri"]
[Black "Arulanantham, Manuelpillai"]
[Result "0-1"]
[WhiteElo "1148"]
[BlackElo "1570"]
[PlyCount "130"]
[EventDate "2017.??.??"]

1. e4 c5 2. Nf3 d6 3. Nc3 g6 4. d4 cxd4 5. Qxd4 f6 6. Bc4 Nc6 7. Qd5 e6 8. Qd1
Bg7 9. Bd2 Nge7 10. O-O a6 11. Bb3 Na5 12. Qc1 Nxb3 13. axb3 g5 14. Re1 e5 15.
Ne2 Bg4 16. Bxg5 Bxf3 17. gxf3 fxg5 18. Qxg5 Ng6 19. Qh5 Qh4 20. Qf5 Qf6 21.
Qh5 Ke7 22. Nc3 Nf4 23. Qg4 h5 24. Qg3 Kf7 25. Kh1 Qg6 26. Qxg6+ Nxg6 27. Rad1
Rad8 28. Nd5 Rhg8 29. c4 Nh4 30. f4 exf4 31. Nxf4 Rh8 32. Rc1 Bxb2 33. Rc2 Be5
34. Nd5 Nf3 35. Rf1 Nxh2 36. Rfc1 Nf3 37. c5 Nd4 38. Rc4 Nxb3 39. Rb1 Nxc5 40.
f4 Bg7 41. f5 b5 42. Rcc1 Nxe4 43. Rc7+ Kf8 44. Re1 Re8 45. Kg2 h4 46. Kh3 Ng5+
47. Kh2 Rxe1 48. f6 Bxf6 49. Nxf6 Nf7 50. Nd7+ Kg7 51. Nb6 Rhe8 52. Rc2 R1e2+
53. Rxe2 Rxe2+ 54. Kh3 Re4 55. Nd5 b4 56. Nxb4 Rxb4 57. Kg2 a5 58. Kf2 a4 59.
Ke2 a3 60. Kd2 a2 61. Ke2 a1=Q 62. Kf2 Qc3 63. Ke2 Rb2+ 64. Kd1 Qa3 65. Kc1
Qa1# 0-1

[Event "19eme Open de La Réunion"]
[Site "Salle des fêtes de Bellepierre"]
[Date "2017.10.19"]
[Round "5.13"]
[White "Fautrel, Sebastien"]
[Black "Pun Chung, Leo"]
[Result "1/2-1/2"]
[WhiteElo "1070"]
[BlackElo "1443"]
[PlyCount "50"]
[EventDate "2017.??.??"]

1. e4 c5 2. Nf3 e6 3. d4 cxd4 4. Nxd4 Nc6 5. Nxc6 bxc6 6. Bf4 d5 7. exd5 cxd5
8. Bb5+ Bd7 9. Bxd7+ Qxd7 10. O-O Nf6 11. Qf3 Be7 12. c4 O-O 13. cxd5 Nxd5 14.
Rd1 Rfd8 15. Nc3 Bf6 16. Rd3 Bxc3 17. bxc3 Qe7 18. Be5 Rac8 19. Qg3 f6 20. Bf4
Nxf4 21. Rxd8+ Qxd8 22. Qxf4 Rxc3 23. Rb1 Rd3 24. h3 Rd1+ 25. Rxd1 Qxd1+
1/2-1/2

[Event "19eme Open de La Réunion"]
[Site "Salle des fêtes de Bellepierre"]
[Date "2017.10.19"]
[Round "5.14"]
[White "Muller, Sebastien"]
[Black "Carballar, Alexandre"]
[Result "1-0"]
[WhiteElo "1431"]
[BlackElo "1138"]
[PlyCount "147"]
[EventDate "2017.??.??"]

1. e4 e5 2. Nf3 Nf6 3. Bc4 Nxe4 4. Nxe5 d5 5. Qf3 Nf6 6. Bb3 Qe7 7. d4 Nbd7 8.
O-O Nxe5 9. dxe5 Qxe5 10. Nc3 c6 11. Bf4 Qe7 12. Rfe1 Be6 13. Ne2 g6 14. Nd4
Bg7 15. c4 O-O 16. Bg5 h6 17. cxd5 cxd5 18. Bh4 g5 19. Bg3 Ne4 20. Nf5 Qf6 21.
Ne3 Qxf3 22. gxf3 Nxg3 23. fxg3 Bxb2 24. Rab1 Bd4 25. Rbd1 Bxe3+ 26. Rxe3 Rfd8
27. Rd4 Rd6 28. f4 f5 29. Re5 Kf7 30. Bxd5 Rxd5 31. Rdxd5 Bxd5 32. Rxd5 Ke6 33.
Re5+ Kf6 34. Rd5 a6 35. Rd6+ Ke7 36. Rxh6 gxf4 37. gxf4 Rg8+ 38. Kf2 Kf7 39.
Rd6 Re8 40. h4 Re6 41. Rd5 Kg6 42. a4 Rf6 43. a5 Kh5 44. Kf3 Kxh4 45. Rd7 Kh5
46. Rxb7 Rc6 47. Rb6 Rc3+ 48. Ke2 Kg4 49. Rxa6 Ra3 50. Rg6+ Kxf4 51. a6 Ra2+
52. Kd3 Kf3 53. Rf6 f4 54. Kc3 Ke3 55. Re6+ Kf2 56. Kb3 Ra1 57. Kb2 Ra5 58. Kb3
f3 59. Kb4 Ra1 60. Kb5 Rb1+ 61. Kc6 Kg2 62. a7 f2 63. a8=Q f1=Q 64. Qg8+ Kh2
65. Rh6+ Qh3 66. Qa2+ Kg3 67. Rxh3+ Kxh3 68. Qxb1 Kg3 69. Qf5 Kg2 70. Kd5 Kg3
71. Ke4 Kh4 72. Qg6 Kh3 73. Kf3 Kh2 74. Qg2# 1-0

[Event "19eme Open de La Réunion"]
[Site "Salle des fêtes de Bellepierre"]
[Date "2017.10.19"]
[Round "5.15"]
[White "Fondrat, Johan"]
[Black "Padre, Maxime"]
[Result "0-1"]
[WhiteElo "1099"]
[BlackElo "1347"]
[PlyCount "120"]
[EventDate "2017.??.??"]

1. e4 c6 2. Nc3 d5 3. exd5 cxd5 4. d4 Nf6 5. g3 Bf5 6. Bg2 e6 7. Bf4 a6 8. Nge2
Be7 9. O-O O-O 10. a3 Nc6 11. Qd2 b5 12. b4 Nd7 13. Rfc1 Nb6 14. Na2 Nc4 15.
Qc3 Bf6 16. Rd1 Rc8 17. Nac1 h5 18. Nb3 Be7 19. Nc5 Bxc5 20. bxc5 Qa5 21. Bd2
Qxc3 22. Bxc3 Bxc2 23. Rdc1 Bg6 24. Bh3 N6a5 25. Bxa5 Nxa5 26. Rd1 Nc4 27. Nf4
Bh7 28. Kg2 Rfe8 29. Nd3 Bxd3 30. Rxd3 Rb8 31. a4 b4 32. Rb3 a5 33. Kg1 Rb7 34.
Bf1 Nd2 35. Rb2 Nxf1 36. Kxf1 Rc8 37. Rc1 Kf8 38. c6 Rbc7 39. Rc5 Ra8 40. Ke2
Ke7 41. Kd1 Kd6 42. Rbc2 Ra6 43. Kc1 Rcxc6 44. Kb2 Rxc5 45. Rxc5 e5 46. Rb5
exd4 47. Rb7 Ke6 48. f4 Rc6 49. Ra7 d3 50. f5+ Kxf5 51. Rxf7+ Kg6 52. Rf1 Rc2+
53. Kb1 Rxh2 54. Rd1 d2 55. Kc2 Kg5 56. Kd3 Kg4 57. Kd4 Kxg3 58. Kxd5 Kf3 59.
Rf1+ Ke2 60. Ra1 d1=Q+ 0-1

[Event "19eme Open de La Réunion"]
[Site "Salle des fêtes de Bellepierre"]
[Date "2017.10.19"]
[Round "5.16"]
[White "Fautrel, Pierrick"]
[Black "Assie, Joel"]
[Result "1-0"]
[WhiteElo "1260"]
[BlackElo "1398"]
[PlyCount "75"]
[EventDate "2017.??.??"]

1. e4 c6 2. d4 d5 3. e5 Bf5 4. c4 e6 5. Nf3 Be7 6. Nc3 Bg4 7. h3 Bh5 8. cxd5
cxd5 9. Be2 f6 10. O-O Bb4 11. Qa4+ Nc6 12. Bb5 Bxc3 13. bxc3 Qc7 14. exf6 gxf6
15. Nd2 Nge7 16. Ba3 a6 17. Bxe7 Kxe7 18. Bxc6 bxc6 19. Qa3+ Kf7 20. g3 Rhg8
21. Kg2 Be2 22. Rfe1 Bd3 23. Rac1 Rg6 24. c4 Qf4 25. Qxd3 Rag8 26. Rb1 Qc7 27.
Rec1 h5 28. h4 f5 29. cxd5 Qd6 30. Rxc6 Qxd5+ 31. Qf3 Qxd4 32. Rb7+ Kf6 33. Nc4
f4 34. Rxe6+ Kxe6 35. Qc6+ Kf5 36. Rf7+ Rf6 37. Rxf6+ Qxf6 38. Qd5+ 1-0

[Event "19eme Open de La Réunion"]
[Site "Salle des fêtes de Bellepierre"]
[Date "2017.10.19"]
[Round "5.17"]
[White "Alfonsi, Romain"]
[Black "Vincent, Theo"]
[Result "0-1"]
[WhiteElo "1250"]
[BlackElo "1120"]
[PlyCount "94"]
[EventDate "2017.??.??"]

1. e4 e5 2. Nf3 Nc6 3. Bc4 Nf6 4. Nc3 Nxe4 5. Nxe4 d5 6. d3 dxe4 7. dxe4 Qxd1+
8. Kxd1 Bg4 9. Be2 O-O-O+ 10. Nd2 Bxe2+ 11. Kxe2 Nd4+ 12. Kd1 Ne6 13. b3 Bb4
14. a3 Bxd2 15. Bxd2 Rd4 16. f3 Rhd8 17. Kc1 Rxd2 18. Rg1 Nd4 19. Kxd2 Nxf3+
20. Ke2 Nxg1+ 21. Rxg1 Kd7 22. Rf1 Ke6 23. h4 Rf8 24. c4 f5 25. exf5+ Rxf5 26.
Rd1 g5 27. g4 Rf4 28. Rg1 gxh4 29. Ke3 Kf6 30. g5+ Kg6 31. Kd3 h6 32. gxh6+
Kxh6 33. Re1 h3 34. Rxe5 h2 35. Re1 Rg4 36. Rh1 Rh4 37. Ke3 Kg5 38. Kf3 Rf4+
39. Kg3 Rg4+ 40. Kf3 Rh4 41. Kg3 Rg4+ 42. Kf3 Rd4 43. Rxh2 Rd3+ 44. Ke2 Rxb3
45. Rg2+ Kf4 46. Rf2+ Ke4 47. Rh2 Rb2+ 0-1

[Event "19eme Open de La Réunion"]
[Site "Salle des fêtes de Bellepierre"]
[Date "2017.10.19"]
[Round "5.18"]
[White "Alex-Geerjanan, Nils"]
[Black "Hauet, Noah"]
[Result "1-0"]
[WhiteElo "1140"]
[BlackElo "1199"]
[PlyCount "127"]
[EventDate "2017.??.??"]

1. e4 g6 2. Nf3 Bg7 3. d4 Nf6 4. Nc3 O-O 5. Bg5 h6 6. Be3 d6 7. Bc4 Bd7 8. O-O
b5 9. Bxb5 Bxb5 10. Nxb5 a6 11. Nc3 a5 12. Qd2 a4 13. Bxh6 Ra5 14. Nd5 Nxd5 15.
Qxa5 e6 16. exd5 c5 17. Qxd8 Rxd8 18. Bxg7 Kxg7 19. dxe6 fxe6 20. dxc5 dxc5 21.
Rad1 Rc8 22. Rd6 Kf7 23. Rfd1 Re8 24. Rd8 Ke7 25. Rxe8+ Kxe8 26. Ne5 g5 27. Nf3
g4 28. Ne5 Ke7 29. Nxg4 Nc6 30. a3 e5 31. b3 axb3 32. cxb3 Ke6 33. b4 cxb4 34.
axb4 Nxb4 35. Re1 Nc6 36. h4 Kf5 37. Nh6+ Kg6 38. Ng8 Kh5 39. g3 Kg6 40. Ne7+
Nxe7 41. Rxe5 Nc6 42. Re6+ Kf5 43. Rxc6 Ke4 44. h5 Kd5 45. Rg6 Ke5 46. h6 Kf5
47. h7 Kxg6 48. h8=Q Kg5 49. f4+ Kg4 50. Qh4+ Kf3 51. f5 Ke3 52. g4 Kf4 53. Qh5
Ke5 54. g5 Kxf5 55. g6+ Kf6 56. Qh7 Ke6 57. g7 Kf7 58. g8=Q+ Kf6 59. Qhf7+ Ke5
60. Qge8+ Kd6 61. Qfd7+ Kc5 62. Qec8+ Kb6 63. Qdb7+ Ka5 64. Qca8# 1-0

[Event "19eme Open de La Réunion"]
[Site "Salle des fêtes de Bellepierre"]
[Date "2017.10.19"]
[Round "5.19"]
[White "Sandjivy, Jean Marc"]
[Black "Mohamed, Keziah"]
[Result "1-0"]
[WhiteElo "1291"]
[BlackElo "1060"]
[PlyCount "83"]
[EventDate "2017.??.??"]

1. c4 e5 2. Nc3 Nf6 3. e3 Nc6 4. d4 d6 5. c5 Bg4 6. Be2 Bf5 7. Qb3 d5 8. Qxb7
exd4 9. Qxc6+ Bd7 10. Qa6 dxc3 11. bxc3 Bxc5 12. Rb1 O-O 13. Nf3 Ne4 14. Ba3
Bd6 15. Bxd6 cxd6 16. Qd3 Qa5 17. Rc1 Rac8 18. O-O Nxc3 19. Bd1 Nxa2 20. Rxc8
Rxc8 21. Bb3 Nb4 22. Qb1 Ba4 23. Bxa4 Qxa4 24. Rc1 Rxc1+ 25. Qxc1 f6 26. Nh4
Nd3 27. Qc8+ Kf7 28. Qc7+ Ke6 29. h3 Qa1+ 30. Kh2 Qe5+ 31. g3 Nxf2 32. Qc8+ Ke7
33. Nf5+ Kf7 34. Qd7+ Kg6 35. Ne7+ Kh6 36. Nf5+ Kg5 37. Nh4 Qxe3 38. Qxg7+ Kh5
39. Qxh7+ Qh6 40. Qf7+ Kg5 41. Qxd5+ f5 42. Qxf5# 1-0